| 000 | 00527nam a2200169 i 4500 | ||
|---|---|---|---|
| 001 | 92560 | ||
| 003 | ES-MaACL | ||
| 005 | 20230906181011.0 | ||
| 007 | t| | ||
| 008 | 050310s1967 sp ||||1| spa d | ||
| 100 | 1 |
_aLipsey, Richard G. _972516 |
|
| 245 | 1 | 0 |
_aIntroducción a la económia positiva / _cRichard G. Lipsey; traducción de J. Hortalá Arau. |
| 260 |
_a[Barcelona] : _bVicens Vives, _c[1967] |
||
| 300 |
_aXXII, 654 p. : _bil. ; _c23 cm. |
||
| 700 | 1 |
_aHortalà i Arau, Joan. _9158761 |
|
| 852 |
_aES-MaACL _jC-31835 |
||
| 999 |
_c92560 _d92560 |
||